Early aryans of India (3100-1400 BC) (Record no. 9558)

MARC details
000 -LEADER
fixed length control field 00466nam a2200157Ia 4500
003 - CONTROL NUMBER IDENTIFIER
control field IN-BaIIA
008 - FIXED-LENGTH DATA ELEMENTS--GENERAL INFORMATION
fixed length control field 211028s9999 xx 000 0 eng d
040 ## - CATALOGING SOURCE
Transcribing agency IIA Library
080 ## - UNIVERSAL DECIMAL CLASSIFICATION NUMBER
Universal Decimal Classification number GEN ROY
100 ## - MAIN ENTRY--PERSONAL NAME
Personal name Roy, S.B.
9 (RLIN) 16113
245 #0 - TITLE STATEMENT
Title Early aryans of India (3100-1400 BC)
Statement of responsibility, etc. S.B. Roy
260 ## - PUBLICATION, DISTRIBUTION, ETC.
Place of publication, distribution, etc. Navarang
Name of publisher, distributor, etc. Direct
Date of publication, distribution, etc. 1989
300 ## - PHYSICAL DESCRIPTION
Extent 196p.
650 ## - SUBJECT ADDED ENTRY--TOPICAL TERM
Topical term or geographic name entry element Indo-Aryans
9 (RLIN) 16114
942 ## - ADDED ENTRY ELEMENTS (KOHA)
Koha item type Books
Holdings
Withdrawn status Lost status Damaged status Not for loan Home library Current library Shelving location Date acquired Total Checkouts Full call number Barcode Date last seen Price effective from Koha item type
        IIA Library-Bangalore IIA Library-Bangalore General Stacks     GEN ROY 10468 05/11/2021   Books

Powered by Koha